000 00830cam a22002773a 4500
001 3326
003 PGUSA
005 20140828083030.0
008 020701s2002||||xxu|||||s|||||000 1 eng d
040 _aPGUSA
_beng
042 _adc
050 4 _aPR
100 1 _aHardy, Thomas,
_d1840-1928
245 1 4 _aThe Well-Beloved :
_bA Sketch of a Temperament
_h[electronic resource] /
_cThomas Hardy
260 _bProject Gutenberg,
_c2002
506 _aPublic domain in the USA.
516 _aElectronic text
653 _aMan-woman relationships -- Fiction
653 _aPsychological fiction
653 _aSculptors -- Fiction
653 _aPortland (England) -- Fiction
653 _aMothers and daughters -- Fiction
830 0 _aProject Gutenberg
_v3326
856 4 0 _uhttp://www.gutenberg.org/ebooks/3326
942 _cEB
999 _c232655
_d232655